Welcome to the Holygrace Academy Library

Please use search bar below to get started

GETTING AHEAD IN SOCIAL SCIENCE- 6 (Record no. 8935)

MARC details
000 -LEADER
fixed length control field 00353nam a22001217a 4500
082 ## - DEWEY DECIMAL CLASSIFICATION NUMBER
Classification number 300
Item number SRI/G
100 ## - MAIN ENTRY--AUTHOR NAME
Personal name SRIDHARAN, VIJAYA
245 ## - TITLE STATEMENT
Title GETTING AHEAD IN SOCIAL SCIENCE- 6
246 ## - VARYING FORM OF TITLE
Title proper/short title GETTING AHEAD IN SOCIAL SCIENCE- 6
Remainder of title GETTING AHEAD IN SOCIAL SCIENCE- 6
260 ## - PUBLICATION, DISTRIBUTION, ETC. (IMPRINT)
Place of publication HYDERABAD
Name of publisher ORIENT BLACK SWAN
Year of publication 2024
650 ## - SUBJECT ADDED ENTRY--TOPICAL TERM
Topical Term SOCIAL SCIENCE
942 ## - ADDED ENTRY ELEMENTS (KOHA)
Koha item type Books
Holdings
Withdrawn status Lost status Collection code Home library Current library Shelving location Date acquired Source of acquisition Cost, normal purchase price Full call number Accession Number Koha item type
    Reference Main Library Main Library SHELF 7E CLASS 7,8,9 MIX 05/09/2024 PURCHASED 587.00 300 SRI/G 13698 Books